LEADER 01153nam a2200313 i 4500 001 991001316739707536 005 20020507191230.0 008 971218s1972 uk ||| | eng 020 $a052108587X 035 $ab10830649-39ule_inst 035 $aLE01310402$9ExL 040 $aDip.to Matematica$beng 082 0 $a510 084 $aAMS 00A35 084 $aZDM D50 100 1 $aThwaites, Bryan$0536733 245 14$aThe school mathematics project :$bthe first ten years; being primarily the collection of the director's reports for the years 1961-71 /$cby Bryan Thwaites 260 $aCambridge :$bCambridge University Press,$c1972 300 $ax, 263 p. :$bports. ;$c24 cm. 500 $aIncludes bibliographical references 650 4$aSchool Mathematics Project 650 4$aTeaching methods 710 2 $aSMP 907 $a.b10830649$b21-09-06$c28-06-02 912 $a991001316739707536 945 $aLE013 D50 THW11 (1972)$g1$i2013000093376$lle013$o-$pE0.00$q-$rl$s- $t0$u0$v0$w0$x0$y.i10939295$z28-06-02 996 $aSchool mathematics project$9923662 997 $aUNISALENTO 998 $ale013$b01-01-97$cm$da $e-$feng$guk $h4$i1